00417cam a2200169ua 4500001000500000005001700005008003900022040000900061082001300070100002900083245004200112250000900154260003500163300001600198653001800214653001500232404420260515113755.0111213n ii |||gr||||Z||||||asm cMAIN a891.45111 aAgarwala, Chandra Kumar,11aBin boragicby Chandra Kumar Agarwala a1st. aGuwahati:bSarada Prakash,999. a44p:c23cm. aAssamese poem aBin boragi